[Event "Rennes op 2nd"]
[Site "Rennes"]
[Date "2009.07.18"]
[Round "4"]
[White "Delpit, Wilfried"]
[Black "Panaget, Bruno"]
[Result "0-1"]
[WhiteElo "1664"]
[BlackElo "1499"]
[PlyCount "70"]
[EventDate "2009.07.15"]
[EventType "swiss"]
[EventRounds "9"]
[EventCountry "FRA"]
[SourceTitle "EXT 2011"]
[Source "ChessBase"]
[SourceDate "2010.11.26"]
[SourceVersion "1"]
[SourceVersionDate "2010.11.26"]
[SourceQuality "1"]

1. c4 Nf6 2. Nc3 g6 3. g3 Bg7 4. Bg2 d6 5. Nf3 0-0 6. d3 e5 7. 0-0 Nbd7 8. Bd2 Nc5 9. b4 Ne6 10. Rb1 Nd7 11. Qc1 f5 12. a3 Nf6 13. a4 Kh8 14. Ng5 Rb8 15. Nxe6 Bxe6 16. Be3 f4 17. Bd2 Nh5 18. b5 Qd7 19. Ne4 Bh3 20. c5 Bxg2 21. Kxg2 d5 22. Nc3 c6 23. Qa3 f3+ 24. exf3 Qf5 25. bxc6 Qxf3+ 26. Kg1 bxc6 27. Rxb8 Rxb8 28. Nd1 e4 29. Ne3 Qe2 30. Ba5 d4 31. dxe4 dxe3 32. Qxe3 Qxe3 33. fxe3 Re8 34. g4 Nf6 35. e5 Nxg4 0-1

[Event "Rennes op 2nd"]
[Site "Rennes"]
[Date "2009.07.17"]
[Round "3"]
[White "Panaget, Bruno"]
[Black "Jouneau, Quentin"]
[Result "0-1"]
[WhiteElo "1499"]
[BlackElo "2007"]
[PlyCount "48"]
[EventDate "2009.07.15"]
[EventType "swiss"]
[EventRounds "9"]
[EventCountry "FRA"]
[SourceTitle "EXT 2011"]
[Source "ChessBase"]
[SourceDate "2010.11.26"]
[SourceVersion "1"]
[SourceVersionDate "2010.11.26"]
[SourceQuality "1"]

1. d3 d5 2. g3 e5 3. Nf3 Bd6 4. Bg2 Bg4 5. h3 Bh5 6. c4 c6 7. Nc3 d4 8. Ne4 f5 9. Nxd6+ Qxd6 10. 0-0 Nf6 11. b4 Nbd7 12. c5 Qc7 13. Bb2 Nd5 14. Nd2 N7f6 15. Nc4 0-0 16. Qd2 f4 17. Nd6 fxg3 18. Qg5 Bxe2 19. Qxg3 Bxf1 20. Rxf1 Nf4 21. Qg5 Nxg2 22. Kxg2 Nd5 23. Qxe5 Nf4+ 24. Kh1 Qd7 0-1